Statistics for Solve the Secret Question by Answering Questions

Click here to take the quiz!

General Stats

  • This quiz has been taken 19,378 times
    (18,431 since last reset)
  • The average score is 18 of 24

Answer Stats

QuestionAnswer% Correct
WWhich question word in the English language means "for what reason"?Why
97%
INew Delhi is the capital of which country?India
96%
AWhich company produces iPhones?Apple
95%
CWhat does Willy Wonka make in his factory?Chocolate
95%
HWhat subject deals with events in the past?History
95%
EWhat is the tallest mountain in the world, at 8848.86 meters?Mount {Everest}
95%
HWhat is another word for "fifty percent"?Half
94%
PWhat was demoted to "dwarf planet" in 2006?Pluto
94%
TWhat social media platform was renamed "X" in 2023?Twitter
94%
IWhat is the largest city in Turkey?Istanbul
89%
H
Which word is often erroneously used as another name for the Netherlands,
while it really only refers to parts of the country?
Holland
87%
TWhat physical quantity measures how hot or cold something is?Temperature
86%
IOn what peninsula are Spain and Portugal located?Iberia
77%
E
What holiday is celebrated on the first Sunday after the first full moon
after the vernal equinox?
Easter
76%
LWhat is the third element in the Periodic Table?Lithium
72%
FWhat might a forensic scientist "lift" from a crime scene?Fingerprint
69%
A
Who is either the Roman goddess of dawn or the name of the princess
in "Sleeping Beauty"
Aurora
64%
SECRET QUESTION: What is the capital of Chile?Santiago
63%
AWhat is the capital of the U.S. state of Maryland?Annapolis
58%
OWhat is the German name of Austria?Österreich
58%
C
Energy cannot be created or destroyed; it can only be transformed.
What is this law commonly known as?
{Conservation}
of energy
53%
L
When people say "120 degrees east" or "30 degrees west",
what are they referring to?
Longitude
53%
SWhat is the British term for "daylight saving time"?{Summer} Time
49%
TWhat is the primary reason for the gradual slowing of Earth's rotation?{Tidal} friction
21%

Score Distribution

Percentile by Number Answered

Percent of People with Each Score

Your Score History

You have not taken this quiz since the last reset